Quizzes
Events
Quiz Creation
Community
Videos
Private Events
Remove Ads
Sign In
Join for FREE
Feedback
Dark Mode
Quiz Categories
Sports
Geography
Music
Movies
Television
Just For Fun
Miscellaneous
History
Literature
Language
Science
Gaming
Entertainment
Religion
Holiday
For Kids
Quiz Lab
Recent
Popular Today
Quiz Kudos Today
Editor Picks
Curator Picks
Quizzes by...
Day
Popularity
Type
Ratings
Length
Year
Community
Subscriptions
Recent Discussions
Orange Saloon
Badges
Playlists
Quests
Create
Leaderboards
Showdown
Live 5
Trivia Bingo
Activity
Puzzle Library
Sporcle Events
Private Events
Virtual Trivia
Globe League
Become a Host
Pub Owners
SporcleCon
Opinionation
Our Games
Videos
Blog
Mobile Apps
Partnerships
Remove Ads and Go Orange
Feedback
Sports
Athletes
MLB
NBA
NHL
NFL
Soccer
Sports Teams
WWE
NCAA
Football
Premier League
Basketball
Baseball
Hockey
Golf
Tennis
Cricket
Rugby
Auto Racing
Olympics
World Cup
Sports
Athletes
MLB
NBA
NHL
NFL
Soccer
Sports Teams
WWE
NCAA
Football
Premier League
Basketball
Baseball
Hockey
Golf
Tennis
Cricket
Rugby
Auto Racing
Olympics
World Cup
Random Quiz
Search Sporcle
×
Quiz Lab
Quiz Lab
Sports
Football
Type in answers that appear in a list
Type in answers that appear in a list
Classic
Best Score? Go Orange.
Ohio State Football Big 10 Titles Stats
Can you name the Ohio State Football Big 10 Titles?
By
baltarjunior
10m
35 Questions
90 Plays
90 Plays
90 Plays
Comments
Comments
Give Quiz Kudos
Give Quiz Kudos
-
- Ratings
hide this ad
Forced Order
Answers have to be entered in order
Answers have to be entered in order
Replay
Link that replays current quiz
Next Quiz
Link to next quiz in quiz playlist
You Got
0%
They Got
Avg Score
90%
Avg Friend Score
Upgrade to see
Score Distribution
Jump to the score distribution portion of the page
Score
0/35
Timer
10:00
0
Plays Today
Hint
Year
% Correct
Sugar Bowl Win
2010
96.7%
Troy's Heisman
2006
94.4%
Pryor Arrives
2008
94.4%
Archie's First Heisman
1974
93.3%
Archie's Second Heisman
1975
93.3%
Orange Bowl
1976
93.3%
2nd straight BCS Championship Game
2007
93.3%
Rose Bowl Win
2009
93.3%
Rex Kern's Last Hurray
1970
92.2%
Archie Arrives
1972
92.2%
10-
0-
1
1973
92.2%
Woody vs. Bear
1977
92.2%
Art's Finest
1979
92.2%
Art's Last Year
1981
92.2%
14-
0
2002
92.2%
Texas in the Shoe
2005
92.2%
Keith Byars
1984
91.1%
Germaine's Heroics
1996
91.1%
Hint
Year
% Correct
Cotton Bowl
1986
91.1%
MSU stunner
1998
91.1%
Woody's First National Title
1954
90%
Super Sophmores
1968
90%
Bo's Upset
1969
90%
10-
1-
1
1993
90%
Paul Brown
1942
88.9%
Les Horvath
1944
88.9%
Hoopalong
1955
88.9%
Woody's Second National Title
1957
88.9%
Bob Ferguson
1961
88.9%
Chic Harley part 1
1916
87.8%
Chic Harley part 2
1917
87.8%
1st Rose Bowl
1920
85.6%
Rose Bowl Win
1949
85.6%
Francis Schmidt
1935
82.2%
Francis Schmidt
1939
82.2%
Quiz Playlist
Details
Report
Send in Message
Add To Playlist
Classic:
Type in answers that appear in a list
Forced Order:
Answers have to be entered in order
Last Updated: Feb 16, 2017
Quiz Scoreboard
CHALLENGE
Sign Up to Join the Scoreboard
Show All
Scores
Hide
Comments
May contain spoilers
Recently Published
9x9 Crossword: Cartoon Network
by jackfrog10
Miscellaneous
3m
College Basketball Coaching Resumes
by pancakes188
Sports
9m
Billboard Blitz: Fleetwood Mac
by CooCooCachoo
Music
15s
More to Explore
Quiz From the Vault
Featured Blog Post
Where Did the Easter Bunny Come From?
hide this ad
You Might Also Like...
Tags
Football Quiz
State Quiz
Big 10
ohio
Ohio State
Today's Top Quizzes in Sports
Browse Sports
hide this ad
Today's Top Quizzes in Football
Browse Football
Top Contributed Quizzes in Sports
1
2022 World Cup Stars
2
Les meilleurs buteurs des matchs entre le PSG et l’OM
3
FIFA Club World Cup Champions
4
Les entraîneurs de l'OM et du PSG au 21e siècle
5
Criteria MLB: Left Handed Sluggers
6
AFC Teams Reveal (Wrong Answers Minefield)
7
2023 MLB Unique Player Accomplishments
8
5-to-1: FBS Animal Nicknames
9
Players with Multiple 50 Home Run Seasons
10
5-to-1: UK Sports Teams
Explore More
Trending Topics
Anime
Harry Potter
NBA
Kpop
Crossword
Marvel
Disney
Soccer
NFL
The Office
Country
Pokémon
Song
Puzzle
WWE
hide this ad
More By:
baltarjunior
Quiz
Plays
Rating
Category
Featured
Created
Ohio State Football Big 10 Titles
90
5.00
Sports
Mar 30, 2011
Ohio State Passing Leaders by Season
14
Sports
Apr 6, 2011
Go to Creator's Profile
Score Distribution
Quiz Creator Spotlight
baltarjunior
Follow
Send a Message
Quizzes Created
-
Created Quiz Play Count
-
More By This Creator
Popular Quizzes Today
1
Find the US States - No Outlines Minefield
2
Find the Countries of Europe - No Outlines Minefield
3
The Countries of the World
4
Find the US States
5
Risky Map Clicking: Biggest States A-Z
6
US States
7
Popular People in 1961
8
Movies - When Are They Set?
More Sports Quizzes
NBA Cross-Conference Blackout
Published
Trending Quizzes
Risky Map Clicking: Least Populous States A-Z
1-10 Letter G Words
1-10 Letter F Words
Risky Map Clicking: Next State Alphabetically
Adjectives in 80s TV Shows
Recently Updated
Leaping Animals
pecheneg
Reality TV Shows (A-Z)
bhenderson79
Rickey Henderson's Hall of Fame Teammates
pecheneg
Champions League XIs: Arsenal
pecheneg
Quick Pick: Celebrities in WWE's Hall of Fame
aduchscher
A-Z Keypad Blitz II
pecheneg
Multiple Oscar Actors
pecheneg
Mystery Phrase Blitz: Oscar 'Best Actors'
pecheneg
F. Scott Fitzgerald Novels
LTH
Pick 3 Villains
ddd62291
Trending Topics
Crossword
Harry Potter
Disney
Marvel
NBA
Kpop
Anime
Country
Soccer
Song
Puzzle
WWE
NFL
Pokémon
The Office
Your Account Isn't Verified!
In order to create a playlist on Sporcle, you need to verify the email address you used during registration. Go to your
Sporcle Settings
to finish the process.
Report this User
Report this user for behavior that violates our
Community Guidelines
.
Details:
Send Report
Go to the Sporcle.com Mobile Site →
Comments